Pojem pracovník na účely úpravy voľného pohybu pracovníkov Európskej únie

Identifikácia znakov charakterizujúcich pracovníka na účely uplatňovania slobody voľného pohybu pracovníkov v rozhodovacej činnosti Súdneho dvora a EÚ.

Salvato in:
Dettagli Bibliografici
Autore principale: Križan, Viktor
Natura: Capitolo di libro
Lingua:slovacco
Soggetti:
Tags: Aggiungi Tag
Nessun Tag, puoi essere il primo ad aggiungerne!!

MARC

LEADER 00000naa a2200000 4500
001 0264321
005 20200619084547.2
041 0 |a slo 
044 |a SK 
245 1 0 |a Pojem pracovník na účely úpravy voľného pohybu pracovníkov Európskej únie  |c Viktor Križan 
520 |a Identifikácia znakov charakterizujúcich pracovníka na účely uplatňovania slobody voľného pohybu pracovníkov v rozhodovacej činnosti Súdneho dvora a EÚ. 
610 2 0 |a pracovníci 
610 2 0 |a právo pracovné 
610 2 0 |a teória a prax 
610 2 0 |a Európska únia 
610 2 0 |a odmeny 
100 1 |a Križan, Viktor